000 00990cad a22002535a 4500
001 E148299
008 090901s2007 xxk f s000 0 eng d
020 _a9780755965595
022 1 _a0950-2254
035 _a(Sirsi) u148299
041 0 _aeng
050 0 4 _a630 $2 18
100 1 _aMoran, Dominic
245 0 0 _aBenefits and costs of co-locating services in rural Scotland
_h[electronic resource]
260 _aEdinburgh
_bScottish Government Social Research
_c2007
520 _aPresents the results of research into the benefits of co-location of services (two or more services housed in one location) in rural areas of Scotland.
521 _aAdvanced
651 4 _aScotland
_y1999-
690 _aPROPERTY-RURAL AND NATURAL ASSETS-RURAL AND NATURAL ASSET DEVELOPMENT
700 1 _aHall, Clare
700 1 _aMcVittie, Alistair
856 4 0 _uhttps://www.scotland.gov.uk/Publications/2007/03/28113358/0
_zView the report free of charge at www.scotland.gov.uk...
942 _n0
999 _c109997
_d109997